000 00709nam a22001817a 4500
003 OSt
005 20250320085130.0
008 240903b ||||| |||| 00| 0 eng d
040 _c0
082 _aDPer 808.042 C686 June 2019 - February 2020, v. 70-71, n. 1-4.
100 _aSimon, Kaia L.
_eauthor.
_959964
245 _aTranslating a path to college :
_bliterate resonances of migrant child language brokering /
_cKaia L. Simon.
260 _aUSA ;
_bNational Council of Teachers of English,
_cSeptember 2019.
300 _avolume 71, pages 60-85.
500 _aCollege Composition & Communication, v. 71 n. 1, pages 60-85, September 2019.
700 _aSimon, Kaia L.
_eauthor.
_959964
942 _2ddc
_cPER
999 _c21240
_d21240